Science Quiz

Random Science Quiz

Name That Surgery! Quiz Stats

 Plays Quiz not verified by Sporcle

Challenge
Share
Tweet
Embed
Score 0/20 Timer 08:00
0 Plays Today
Procedure Surgery % Correct
Genital cutting on a boy (totally legal)Circumcision
76.5%
Done for hearts, kidneys, intestine, but never the brainTransplant
69.8%
Coronary arteries blocked, so let's go around them!Bypass
63.8%
Lower right quadrant abdominal pain is an indicator for...Appendectomy
59%
Lift something heavy? Surprise!Herniorrhaphy
55.9%
A nose job, probably like Heidi MontagRhinoplasty
55.7%
You don't like your glasses anymore? Do this, then.LASIC
52.1%
I'm fat, but I don't want to exercise. Hmm...Liposuction
51.2%
Losing your lady partsHysterectomy
49.5%
Got burns? This'll help.Skin graft
48.1%
Procedure Surgery % Correct
I'm a man in a woman's body...Gender Reassignment
37.5%
Open wide. Your arteries, that is.Angioplasty
34.2%
If you test positive on BRAC analysis, you might consider thisMastectomy
33.2%
Wounded Confederate's delightAmputation
32.4%
A man with trouble urinating might want a...Prostatectomy
20.9%
Trouble breathing? This should help!Tracheostomy
20.6%
The awesome one where you're awake and they show you cards so they know where they're cuttingNeurosurgery
16.9%
Quick Weight Loss Solution! Stomach Size Of Shotglass!Lap band
14.6%
You need this ancient operation like you need a hole in your headTrepanation
9.3%
Genital cutting on a girl (totally illegal)Clitoridectomy
2.9%

You're not logged in!

Compare scores with friends on all Sporcle quizzes.
OR
Log In

You Might Also Like...

Show Comments

Extras

Top Quizzes Today


Score Distribution

Your Account Isn't Verified!

In order to create a playlist on Sporcle, you need to verify the email address you used during registration. Go to your Sporcle Settings to finish the process.

Report this User

Report this user for behavior that violates our Community Guidelines.

Details: